000 01012cam a22003014a 4500
005 20260322212101.0
008 data
010 _a 2006008900
015 _aGBA686204
_2bnb
016 7 _a013573252
_2Uk
020 _a9781581807899 (pbk. : alk. paper)
020 _a1581807899 (pbk. : alk. paper)
040 _aDLC
_cDLC
_dDLC
_dBAKER
_dYDXCP
_dBTCTA
_dNPL
_dVP@
_dQBX
_dUKM
_dDLC
042 _apcc
050 0 0 _aNC730
_b.W4885 2006
082 0 0 _a741.2
_222
092 _a741.2 W4885 2006
100 1 _aWillenbrink, Mark,
_d1962-
245 1 0 _aDrawing for the absolute beginner :
_ba clear & easy guide to successful drawing /
_cMark Willenbrink & Mary Willenbrink.
250 _a1st ed.
260 _aCincinnati, Ohio :
_bNorth Light Books,
_cc2006.
300 _a128 p. :
_bchiefly ill. ;
_c28 cm.
500 _aIncludes index.
650 0 _aDrawing
_xTechnique.
700 1 _aWillenbrink, Mary,
_d1962-
856 4 1 _3Table of contents only
_uhttp://www.loc.gov/catdir/toc/ecip0610/2006008900.html
001 data
999 _c1452
_d1452